Grundriss der Medizin und Psychologie: Ansätze zu einer phänomenologischen Physiologie, Psychologie, Pathologie, Therapie und zu einer daseinsgemässen Präventiv-Medizin in der modernen Industrie-Gesellschaft
| Main Author: | |
|---|---|
| Format: | Print Book |
| Language: | German |
| Subito Delivery Service: | Order now. |
| Check availability: | HBZ Gateway |
| WorldCat: | WorldCat |
| Interlibrary Loan: | Interlibrary Loan for the Fachinformationsdienste (Specialized Information Services in Germany) |
| Published: |
Bern Stuttgart Wien
Huber
1975
|
| In: | Year: 1975 |
| Edition: | 2., erg. Aufl. |
| Standardized Subjects / Keyword chains: | B
Psychology
B Medicine B Psychology / Foundation of B Medicine / Foundation of |
| Further subjects: | B
Medicine
B Medicine Philosophy B Philosophy, Medical B Medicine and psychology B Existential psychology B Existentialism B Medicine, Psychosomatic Philosophy |
MARC
| LEADER | 00000cam a2200000 c 4500 | ||
|---|---|---|---|
| 001 | 038904136 | ||
| 003 | DE-627 | ||
| 005 | 20251219213009.0 | ||
| 007 | tu | ||
| 008 | 950731s1975 sz ||||| 00| ||ger c | ||
| 015 | |a 75,A19,0819 |2 dnb | ||
| 020 | |a 3456800088 |9 3-456-80008-8 | ||
| 035 | |a (DE-627)038904136 | ||
| 035 | |a (DE-576)034248048 | ||
| 035 | |a (DE-599)GBV038904136 | ||
| 035 | |a (OCoLC)01504266 | ||
| 040 | |a DE-627 |b ger |c DE-627 |e rakwb | ||
| 041 | |a ger | ||
| 044 | |c XA-CH |c XA-DE |c XA-AT | ||
| 050 | 0 | |a R723 | |
| 082 | 0 | |a 610 |q LOC | |
| 084 | |a 17a |a 03b |2 sdnb | ||
| 084 | |a CU 1000 |2 rvk |0 (DE-625)rvk/19079: | ||
| 084 | |a XC 2000 |2 rvk |0 (DE-625)rvk/152497:12905 | ||
| 084 | |a BH 7000 |2 rvk |0 (DE-625)rvk/11739: | ||
| 084 | |a 44.02 |2 bkl | ||
| 100 | 1 | |0 (DE-588)118662120 |0 (DE-627)079446507 |0 (DE-576)160380820 |4 aut |a Boss, Medard |d 1903-1990 | |
| 109 | |a Boss, Medard 1903-1990 |a Bosu, Medaruto 1903-1990 |a Boss, Medardus 1903-1990 |a Boss, M. 1903-1990 |a Boß, Medard 1903-1990 |a Me da deu Bo seu 1903-1990 |a Bo seu, Me da deu 1903-1990 | ||
| 191 | |a 1 | ||
| 245 | 1 | 0 | |a Grundriss der Medizin und Psychologie |b Ansätze zu einer phänomenologischen Physiologie, Psychologie, Pathologie, Therapie und zu einer daseinsgemässen Präventiv-Medizin in der modernen Industrie-Gesellschaft |c Medard Boss |
| 250 | |a 2., erg. Aufl. | ||
| 264 | 1 | |a Bern |a Stuttgart |a Wien |b Huber |c 1975 | |
| 300 | |a 601 S. | ||
| 336 | |a Text |b txt |2 rdacontent | ||
| 337 | |a ohne Hilfsmittel zu benutzen |b n |2 rdamedia | ||
| 338 | |a Band |b nc |2 rdacarrier | ||
| 583 | 1 | |a Archivierung/Langzeitarchivierung gewährleistet |f PEBW |x XA-DE-BW |2 pdager |5 DE-24 | |
| 601 | |a Grundriss | ||
| 601 | |a Physiologie | ||
| 601 | |a Pathologie | ||
| 601 | |a Therapie | ||
| 650 | 0 | |a Medicine |x Philosophy | |
| 650 | 0 | |a Medicine, Psychosomatic |x Philosophy | |
| 650 | 0 | |a Medicine and psychology | |
| 650 | 0 | |a Existential psychology | |
| 650 | 2 | |a Existentialism | |
| 650 | 2 | |a Medicine | |
| 650 | 2 | |a Philosophy, Medical | |
| 689 | 0 | 0 | |d s |0 (DE-588)4047704-6 |0 (DE-627)106193821 |0 (DE-576)209074426 |2 gnd |a Psychologie |
| 689 | 0 | |5 (DE-627) | |
| 689 | 1 | 0 | |d s |0 (DE-588)4038243-6 |0 (DE-627)104584963 |0 (DE-576)209029218 |2 gnd |a Medizin |
| 689 | 1 | |5 (DE-627) | |
| 689 | 2 | 0 | |d s |0 (DE-588)4047704-6 |0 (DE-627)106193821 |0 (DE-576)209074426 |2 gnd |a Psychologie |
| 689 | 2 | 1 | |d s |0 (DE-588)4158388-7 |0 (DE-627)105493384 |0 (DE-576)209841885 |2 gnd |a Grundlage |
| 689 | 2 | |5 (DE-627) | |
| 689 | 3 | 0 | |d s |0 (DE-588)4038243-6 |0 (DE-627)104584963 |0 (DE-576)209029218 |2 gnd |a Medizin |
| 689 | 3 | 1 | |d s |0 (DE-588)4158388-7 |0 (DE-627)105493384 |0 (DE-576)209841885 |2 gnd |a Grundlage |
| 689 | 3 | |5 (DE-627) | |
| 889 | |w (DE-627)277720990 | ||
| 889 | |w (DE-627)438447042 | ||
| 935 | |a mteo | ||
| 935 | |i Blocktest | ||
| 936 | r | v | |a CU 1000 |b Einführung, Grundfragen, Lehrbücher, Kompendien |k Psychologie |k Klinische Psychologie |k Einführung, Grundfragen, Lehrbücher, Kompendien |0 (DE-627)1271488132 |0 (DE-625)rvk/19079: |0 (DE-576)201488132 |
| 936 | r | v | |a XC 2000 |b Allgemeines |k Medizin |k Allgemeine Medizin, Krankenhauswesen, Krankenpflege |k Allgemeine und theoretische Fragen zur gesamten Medizin (Medizin und ihre Grundlagen) |k Allgemeines |0 (DE-627)1270880411 |0 (DE-625)rvk/152497:12905 |0 (DE-576)200880411 |
| 936 | r | v | |a BH 7000 |b Allgemeine Darstellungen |k Theologie und Religionswissenschaften |k Evangelische Dogmatik |k Spezielle Dogmatik |k Soteriologie |k Allgemeine Darstellungen |0 (DE-627)1271798220 |0 (DE-625)rvk/11739: |0 (DE-576)201798220 |
| 936 | b | k | |a 44.02 |j Philosophie und Theorie der Medizin |0 (DE-627)10640962X |
| 951 | |a BO | ||
| ELC | |b 1 | ||
| ITA | |a 1 | ||
| LOK | |0 000 xxxxxcx a22 zn 4500 | ||
| LOK | |0 001 3188838492 | ||
| LOK | |0 003 DE-627 | ||
| LOK | |0 004 038904136 | ||
| LOK | |0 005 20141020100244 | ||
| LOK | |0 008 141020||||||||||||||||ger||||||| | ||
| LOK | |0 040 |a DE-21-121 |c DE-627 |d DE-21-121 | ||
| LOK | |0 541 |e 1986/0451 | ||
| LOK | |0 689 |a s |a Medizinkonzeption | ||
| LOK | |0 689 |a s |a Psychologie | ||
| LOK | |0 689 |a s |a Präventivmedizin | ||
| LOK | |0 689 |a s |a Phänomenologie | ||
| LOK | |0 689 |a s |a Physiologie | ||
| LOK | |0 689 |a s |a Pathologie | ||
| LOK | |0 852 |a DE-21-121 | ||
| LOK | |0 852 1 |c med C.2. 1 |m p |9 00 | ||
| LOK | |0 866 |x Bibdia: 1391 | ||
| LOK | |0 935 |a k121 |a i121 | ||
| LOK | |0 938 |k p | ||
| LOK | |0 939 |a 20-10-14 |b l01 | ||
| ORI | |a SA-MARC-ixtheoa001.raw | ||
| REL | |a 1 | ||
| STA | 0 | 0 | |a Foundation of,Basis of,Medicine,Medicine,Medical science,Medicine in literature,Psychology |
| STB | 0 | 0 | |a Base,Fondement,Fondement,Médecine,Médecine,Psychologie |
| STC | 0 | 0 | |a Base,Fundamento,Fundamento,Medicina,Medicina,Psicología |
| STD | 0 | 0 | |a Base,Fondamento,Fondamento,Medicina,Medicina,Psicologia |
| STE | 0 | 0 | |a 医学,医疗科学,基础,心理学 |
| STF | 0 | 0 | |a 基礎,心理學,醫學,醫療科學 |
| STG | 0 | 0 | |a Base,Fundamento,Fundamento,Medicina,Medicina,Psicologia |
| STH | 0 | 0 | |a Медицина (мотив),Медицина,Основа,Психология |
| STI | 0 | 0 | |a Βάση,Θεμέλιο,Ιατρική (μοτίβο),Ιατρική,Ψυχολογία |
| SUB | |a REL | ||
| SYG | 0 | 0 | |a Psychology,Psyche,Psychologische Theorie,Psychologischer Aspekt,Theoretische Psychologie,Mensch , Medical sciences,Biomedicine,Clinical biochemistry,Heilkunst,Medicine,Medizinische Forschung,Naturmedizin,Humanmedizin,Heilkunst , Psychology,Psyche,Psychologische Theorie,Psychologischer Aspekt,Theoretische Psychologie,Mensch , Grundlagen , Medical sciences,Biomedicine,Clinical biochemistry,Heilkunst,Medicine,Medizinische Forschung,Naturmedizin,Humanmedizin,Heilkunst , Grundlagen |



